<?xml version="1.0" encoding="UTF-8"?>
<collection xmlns="http://www.loc.gov/MARC21/slim">
 <record>
  <leader>     na                 </leader>
  <controlfield tag="001">INLIS000000000000674</controlfield>
  <controlfield tag="005">20220113092900</controlfield>
  <controlfield tag="035">$a 0010-0122000008</controlfield>
  <controlfield tag="245">$a Komik Next G: Bact to Masjid /$c Muhammad irfan</controlfield>
  <controlfield tag="100">$a Muhammad irfan</controlfield>
  <controlfield tag="300">$a 96 hlm : $b ilust ; $c 14.5 x cm</controlfield>
  <controlfield tag="260">$a Bandung :$b Muffin graphics,$c 2021</controlfield>
  <controlfield tag="082">$a 813</controlfield>
  <controlfield tag="084">$a 813 MUH k</controlfield>
  <controlfield tag="020">$a 978-602-367-878-5</controlfield>
  <controlfield tag="990">$a 0312/2021</controlfield>
  <controlfield tag="990">$a 0313/2021</controlfield>
 </record>
</collection>
